| 000 | 01199nam0a22003131 4500 | ||
|---|---|---|---|
| 001 | RU\NLR\A1SV\56551 | ||
| 005 | 20251203171251.9 | ||
| 035 | _a(NLR Aleph) 009738510 | ||
| 090 |
_a9935265 _c9935265 |
||
| 100 | _a20060508d1926 u y0rusy50 ca | ||
| 101 | 0 | _arus | |
| 102 | _aRU | ||
| 200 | 1 |
_aРезолюции XVI-й Тульской губернской конференции ВКП(б) _e4-9 декабря 1926 г. |
|
| 210 |
_aТула _cТулпечать _d1926 |
||
| 215 |
_a[2], 58 с. _d11 см |
||
| 517 | 1 | _aРезолюции 16 Тульской губернской конференции ВКП(б) | |
| 517 | 1 | _aРезолюции Шестнадцатой Тульской губернской конференции ВКП(б) | |
| 517 | 9 | _aРезолюции Шестнадцатой Тульской губернской конференции ВКП(б) | |
| 620 | _dТула | ||
| 710 | 0 | 2 |
_aВКП(б) _bТульская губернская конференция _d16 _f1926 |
| 801 | 0 |
_aRU _bNLR _c20060508 |
|
| 899 |
_aРНБ _j61/55 |
||
| 899 | _aРГБ | ||
| 899 | _aБАН | ||
| 942 | _cBOOK | ||
| 980 | _aNB | ||
| 980 | _aA1SV | ||
| 980 | _aA1SV | ||